Putting social activity back onto the street (Record no. 69657)
[ view plain ]
| 000 -LEADER | |
|---|---|
| fixed length control field | 01459cam a2200289 4500 |
| 001 - CONTROL NUMBER | |
| control field | ABS65143 |
| 008 - FIXED-LENGTH DATA ELEMENTS--GENERAL INFORMATION | |
| fixed length control field | 020301n2002 000 0 eng u |
| 035 ## - SYSTEM CONTROL NUMBER | |
| System control number | (Sirsi) u116950 |
| 100 ## - MAIN ENTRY--PERSONAL NAME | |
| Personal name | Chapman, C. |
| 245 ## - TITLE STATEMENT | |
| Title | Putting social activity back onto the street |
| 260 ## - PUBLICATION, DISTRIBUTION, ETC. | |
| Date of publication, distribution, etc. | 2002 |
| 490 ## - SERIES STATEMENT | |
| Series statement | Urban Environment Today |
| Volume/sequential designation | (140) 7 February 2002, 12-13(2) |
| 520 ## - SUMMARY, ETC. | |
| Summary, etc. | Report on progress in the UK of the establishment of Home Zones. Recent announcement that 61 UK areas are to receive more than £30m from Government's Home Zone Challenge Fund has encouraged hope that local streets will play a greater role in community life. Home Zones seek to shift priority of access away from the car to allow greater use by pedestrians, children and cyclists. For more information on Home Zones contact Philip Connolly of Living Streets t +44 (0)20 7820 1010 Copies of "Home Zones- Reconciling people, places and transport" by Ben Hamilton Baillie e [email protected] "The Handbook to planning and designing home zones" by Mike Biddulph t 01235 465500 |
| 590 ## - LOCAL NOTE (RLIN) | |
| Local note | ABS |
| 650 ## - SUBJECT ADDED ENTRY--TOPICAL TERM | |
| Topical term or geographic name entry element | HOME ZONES |
| 650 ## - SUBJECT ADDED ENTRY--TOPICAL TERM | |
| Topical term or geographic name entry element | TRANSPORT 2000 |
| 650 ## - SUBJECT ADDED ENTRY--TOPICAL TERM | |
| Topical term or geographic name entry element | PLAY AREAS |
| 650 ## - SUBJECT ADDED ENTRY--TOPICAL TERM | |
| Topical term or geographic name entry element | TRAFFIC MANAGEMENT |
| 650 ## - SUBJECT ADDED ENTRY--TOPICAL TERM | |
| Topical term or geographic name entry element | URBAN ENVIRONMENT |
| 650 ## - SUBJECT ADDED ENTRY--TOPICAL TERM | |
| Topical term or geographic name entry element | CYCLING |
| 650 ## - SUBJECT ADDED ENTRY--TOPICAL TERM | |
| Topical term or geographic name entry element | PEDESTRIANS |
| 650 ## - SUBJECT ADDED ENTRY--TOPICAL TERM | |
| Topical term or geographic name entry element | PEDESTRIANISATION |
| 650 ## - SUBJECT ADDED ENTRY--TOPICAL TERM | |
| Topical term or geographic name entry element | PEDESTRIANISED AREAS |
| 690 ## - LOCAL SUBJECT ADDED ENTRY--TOPICAL TERM (OCLC, RLIN) | |
| Topical term or geographic name as entry element | ENVIRONMENTAL AND LAND CONSULTANCY-ENVIRONMENTAL MANAGEMENT |
| 700 ## - ADDED ENTRY--PERSONAL NAME | |
| Personal name | Cane, M. |
| 942 ## - ADDED ENTRY ELEMENTS (KOHA) | |
| Suppress in OPAC | 0 |
| Withdrawn status | Lost status | Source of classification or shelving scheme | Damaged status | Not for loan | Home library | Current library | Shelving location | Date acquired | Total Checkouts | Full call number | Barcode | Date last seen | Copy number | Price effective from | Koha item type |
|---|---|---|---|---|---|---|---|---|---|---|---|---|---|---|---|
| Dewey Decimal Classification | London | London | Journal article | 01/03/2002 | ABS65143 | 116950-1001 | 06/08/2019 | 1 | 06/08/2019 | Journal article |